000 00443nam a2200169Ia 4500
003 GCL
008 140319s9999 xx 000 0 ara d
040 _aGCL /
_cGCL
082 0 4 _a157.7
_bع س
100 1 _aعبادة كحيلة
245 1 0 _aسيكلوجية الجنوح /
_cعبادة كحيلة
700 1 _aعبدالرحمن عيسوى
490 _a
650 0 4 _aالاحداث
650 0 4 _aعلم النفس
942 _2ddc
_cBK
999 _c39174
_d39174